[Event "Muensterland Verbandsliga 1819"]
[Site "Germany"]
[Date "2018.11.24"]
[Round "4.7"]
[White "Tecklenborg, Georg"]
[Black "Robers, Frank"]
[Result "1/2-1/2"]
[WhiteElo "1745"]
[BlackElo "1637"]
[PlyCount "40"]
[EventDate "2018.09.01"]
[EventType "team-tourn"]
[EventRounds "9"]
[EventCountry "GER"]
[SourceTitle "EXT 2020"]
[Source "ChessBase"]
[SourceDate "2019.10.17"]
[SourceVersion "1"]
[SourceVersionDate "2019.10.17"]
[SourceQuality "1"]
[WhiteTeam "Duelmen"]
[BlackTeam "Gescher"]
[WhiteTeamCountry "GER"]
[BlackTeamCountry "GER"]

1. e4 c5 2. Nf3 g6 3. g3 Bg7 4. Bg2 Nc6 5. 0-0 d6 6. c3 Nf6 7. d3 0-0 8. Nh4 d5 9. Qb3 dxe4 10. dxe4 e5 11. Be3 Qe7 12. Qb5 Nd7 13. f4 a6 14. Qb3 exf4 15. Bxf4 Nde5 16. Nd2 Be6 17. Qc2 Nc4 18. Nxc4 Bxc4 19. Rfe1 Ne5 20. Bxe5 Bxe5 1/2-1/2

[Event "Ruhrgebiet VK2 1213"]
[Site "Nordrheinwestfalen"]
[Date "2013.02.03"]
[Round "6.6"]
[White "Tecklenborg, Georg"]
[Black "Hartung, Thomas"]
[Result "1-0"]
[WhiteElo "1733"]
[BlackElo "1840"]
[PlyCount "137"]
[EventDate "2012.09.02"]
[EventType "team-tourn"]
[EventRounds "9"]
[EventCountry "GER"]
[SourceTitle "EXT 2020"]
[Source "ChessBase"]
[SourceDate "2019.10.17"]
[SourceVersion "1"]
[SourceVersionDate "2019.10.17"]
[SourceQuality "1"]
[WhiteTeam "Holsterhausen SK II"]
[BlackTeam "Annen Sport Union"]
[WhiteTeamCountry "GER"]
[BlackTeamCountry "GER"]

1. d4 Nf6 2. Nf3 g6 3. Nbd2 Bg7 4. e4 d6 5. Bc4 0-0 6. 0-0 c5 7. dxc5 dxc5 8. Qe2 Nc6 9. Nb3 b6 10. e5 Nd5 11. Rd1 e6 12. Bb5 Qc7 13. Bxc6 Qxc6 14. c4 Ba6 15. Bg5 h6 16. Bh4 Nf4 17. Qe3 g5 18. Bg3 Ng6 19. Rd6 Qa4 20. Nbd2 Qc2 21. b3 Rfd8 22. Ne4 Bb7 23. Nf6+ Bxf6 24. exf6 Qb2 25. Be5 Nxe5 26. Qxe5 Qxa1+ 27. Qxa1 Rxd6 28. Qe5 Rd1+ 29. Ne1 Rad8 30. h4 gxh4 31. Qe2 R8d4 32. Kh2 R1d2 33. Qe3 Kh7 34. Nf3 Bxf3 35. Qxf3 Rxa2 36. Qh5 Kg8 37. Qe5 Rxf2 38. b4 Rg4 39. bxc5 Rfxg2+ 40. Kh1 bxc5 41. Qb8+ Kh7 42. Qf8 Kg6 43. Qg7+ Kf5 44. Qxf7 R2g3 45. Kh2 Rg6 46. Qxa7 Kxf6 47. Qxc5 R6g4 48. Qf8+ Ke5 49. c5 Rd4 50. Qxh6 Kd5 51. Qf8 Re3 52. Qd8+ Kc4 53. Qa5 Re5 54. Qb6 Re2+ 55. Kh3 Re3+ 56. Kg2 h3+ 57. Kf2 h2 58. Qa6+ Kxc5 59. Qa7+ Kd5 60. Qb7+ Ke5 61. Kxe3 Rd1 62. Qc7+ Rd6 63. Qg7+ Kf5 64. Qh7+ Kf6 65. Qxh2 Rd5 66. Qh8+ Kf5 67. Qf8+ Kg6 68. Ke4 Rf5 69. Qe7 1-0

[Event "Goch op 20th"]
[Site "Goch"]
[Date "2009.10.04"]
[Round "6"]
[White "Tecklenborg, Georg"]
[Black "Goldenstein, Arnd"]
[Result "0-1"]
[WhiteElo "1778"]
[BlackElo "2067"]
[PlyCount "78"]
[EventDate "2009.10.01"]
[EventType "swiss"]
[EventRounds "7"]
[EventCountry "GER"]
[SourceTitle "EXT 2011"]
[Source "ChessBase"]
[SourceDate "2010.11.26"]
[SourceVersion "1"]
[SourceVersionDate "2010.11.26"]
[SourceQuality "1"]

1. e4 c5 2. Nc3 Nc6 3. g3 g6 4. Bg2 Bg7 5. f4 d6 6. Nf3 e6 7. 0-0 Nge7 8. d3 0-0 9. Be3 Nd4 10. Qd2 Nec6 11. Rae1 Rb8 12. Ne2 Nxe2+ 13. Rxe2 b5 14. e5 b4 15. exd6 Qxd6 16. f5 e5 17. fxg6 hxg6 18. Bh6 Bb7 19. Bxg7 Kxg7 20. Re4 f5 21. Rh4 Rh8 22. Qg5 Qf6 23. Rxh8 Rxh8 24. Qxf6+ Kxf6 25. Nd2 Na5 26. Ne4+ Ke7 27. Ng5 Bxg2 28. Kxg2 Nc6 29. Re1 Rd8 30. Nf3 Kf6 31. Re2 Rd6 32. Rd2 g5 33. c3 g4 34. Ne1 Nd8 35. Kf2 Ne6 36. Nc2 bxc3 37. bxc3 Ng5 38. Ke3 Nf3 39. Rf2 Ra6 0-1

[Event "Goch op 20th"]
[Site "Goch"]
[Date "2009.10.02"]
[Round "3"]
[White "Amarapala, Sherington"]
[Black "Tecklenborg, Georg"]
[Result "0-1"]
[WhiteElo "1190"]
[BlackElo "1778"]
[PlyCount "114"]
[EventDate "2009.10.01"]
[EventType "swiss"]
[EventRounds "7"]
[EventCountry "GER"]
[SourceTitle "EXT 2011"]
[Source "ChessBase"]
[SourceDate "2010.11.26"]
[SourceVersion "1"]
[SourceVersionDate "2010.11.26"]
[SourceQuality "1"]

1. e4 c5 2. Nf3 d6 3. d4 cxd4 4. Nxd4 Nf6 5. Nc3 g6 6. Bc4 Bg7 7. 0-0 0-0 8. Be3 a6 9. Re1 Qc7 10. Bb3 Nc6 11. a3 Bd7 12. Qd2 Rac8 13. Rad1 Ne5 14. h3 Nc4 15. Bxc4 Qxc4 16. Qd3 Qxd3 17. cxd3 Rc7 18. Rc1 Rfc8 19. Re2 Kf8 20. Rec2 e5 21. Nf3 Be6 22. Nd2 d5 23. exd5 Nxd5 24. Bg5 f6 25. Bh4 Nf4 26. Re1 Nxd3 27. Re3 Nf4 28. Nde4 g5 29. Bg3 Rd8 30. Re1 Bb3 31. Rd2 Rxd2 32. Nxd2 Be6 33. Rd1 Rd7 34. Nde4 Rxd1+ 35. Nxd1 Ne2+ 36. Kf1 Nxg3+ 37. Nxg3 Kf7 38. Ke2 f5 39. Nc3 b5 40. Nf1 Bc4+ 41. Ke1 Bxf1 42. Kxf1 Ke6 43. Ke2 e4 44. Kd2 Bxc3+ 45. Kxc3 Kd5 46. g3 f4 47. h4 gxh4 48. gxh4 a5 49. b3 h5 50. b4 axb4+ 51. axb4 Ke5 52. Kc2 Kd4 53. Kd2 Kc4 54. Kc2 Kxb4 55. Kb2 e3 56. fxe3 f3 57. Kc2 f2 0-1

[Event "Ruhrgebiet playoff 0304"]
[Site "Ruhrgebiet"]
[Date "2004.05.16"]
[Round "1.7"]
[White "Tecklenborg, Georg"]
[Black "Morgenroth, Hubertus"]
[Result "1-0"]
[WhiteElo "1794"]
[BlackElo "1719"]
[PlyCount "55"]
[EventDate "2004.05.16"]
[EventType "team"]
[EventRounds "3"]
[EventCountry "GER"]
[SourceTitle "EXT 2006"]
[Source "ChessBase"]
[SourceDate "2005.11.24"]
[SourceVersion "1"]
[SourceVersionDate "2005.11.24"]
[SourceQuality "1"]
[WhiteTeam "Holsterhausen II"]
[BlackTeam "Dortmund"]
[WhiteTeamCountry "GER"]
[BlackTeamCountry "GER"]

1. e4 e5 2. Nf3 Nc6 3. Bb5 a6 4. Ba4 Nf6 5. 0-0 Be7 6. Re1 b5 7. Bb3 0-0 8. c3 d6 9. a4 b4 10. d3 Rb8 11. Nbd2 Bg4 12. Bc4 Qc8 13. h3 Bh5 14. Qc2 bxc3 15. bxc3 Na5 16. Ba2 c5 17. Ba3 Qc7 18. Rab1 Nd7 19. g4 Bg6 20. Nf1 c4 21. Ne3 cxd3 22. Qxd3 Nc5 23. Bxc5 Qxc5 24. Nd5 Nc6 25. Qxa6 Rxb1 26. Bxb1 Rb8 27. Qxc6 Qxc6 28. Nxe7+ 1-0